00986nam a2200265 a 450000100100000000500170001000800410002702000150006804000250008308200170010810000210012524501340014626000590028030000260033950000620036550000410042750000420046865000180051065000270052865000290055565000340058465000370061870000300065571000350068500002471120251215115317.0110202s1989 ve r 000 0 spa d a9806110366 aDO-SdBNPbspacBNPHU a320.12bS4821 aSerbin, Andrés10aEl Caribe zona de paz? :bgeopolítica, integración y seguridad /cAndrés Serbin ; edición a cargo de Daniel González V. aCaracas, Venezuela :bEditorial Nueva Sociedad,c1989. a188, [1] p. ;c23 cm. aIncluye datos del autor en la solapa de la contracubierta aIncluye referencias bibliográficas aIncluye notas al pie de las páginas 4aGeopolítica 4aGeografía política 4aPolítica internacional 0aOrganización internacional  4aEl caribexPolítica y gobierno1 aGonzález V.,Danieleed.2 aComisión Sudamericana de Paz